Ortschaften des Kantons Jura - Statistiken

Allgemein
  • Dieses Quiz wurde 29 mal gespielt
  • Das Durchschnittsergebnis liegt bei 36 aus 91
Antworten auf der Karte
Die Antworten werden auf der Karte rot bzw. grün angezeigt, abhängig davon wie oft sie richtig erraten wurden.
 
Antwortstatistiken
Einwohner Ortschaft % Korrekt
12'740 Delsberg
100%
6'601 Pruntrut
94%
692 Saint-Ursanne
83%
637 Bure
67%
1'171 Boncourt
61%
2'260 Courgenay
61%
655 Bonfol
56%
2'725 Courtételle
56%
1'201 Glovelier
56%
2'251 Saignelégier
56%
3'830 Bassecourt
50%
791 Boécourt
50%
121 Ederswiler
50%
1'948 Le Noirmont
50%
1'255 Les Bois
50%
542 Mervelier
50%
1'907 Alle
44%
1'060 Cornol
44%
1'366 Develier
44%
381 Grandfontaine
44%
91 La Chaux-des-Breuleux
44%
1'641 Les Breuleux
44%
124 Les Enfers
44%
435 Les Genevez
44%
19 Lucelle
44%
123 Mettembert
44%
267 Saulcy
44%
125 Soubey
44%
452 Soyhières
44%
547 Vendlincourt
44%
190 Asuel
39%
264 Bourrignon
39%
494 Châtillon
39%
314 Courchavon
39%
1'807 Courfaivre
39%
3'211 Courrendlin
39%
2'935 Courroux
39%
611 Courtemaîche
39%
332 Fahy
39%
1'045 Fontenais
39%
299 Le Bémont
39%
174 Lugnez
39%
556 Montfaucon
39%
478 Montsevelier
39%
414 Movelier
39%
156 Muriaux
39%
121 Ocourt
39%
326 Pleigne
39%
144 Réclère
39%
733 Rossemaison
39%
232 Saint-Brais
39%
1'928 Vicques
39%
112 Beurnevésin
33%
392 Buix
33%
268 Charmoille
33%
652 Chevenez
33%
721 Coeuve
33%
193 Courtemautruy
33%
189 Damphreux
33%
89 Damvant
33%
644 Lajoux
33%
202 Les Emibois
33%
54 Seleute
33%
294 Undervelier
33%
362 Vermes
33%
205 Villars-sur-Fontenais
33%
397 Bressaucourt
28%
495 Corban
28%
445 Courchapoix
28%
774 Courtedoux
28%
100 Epiquerez
28%
73 Goumois
28%
275 Les Pommerats
28%
194 Montignez
28%
90 Montmelon
28%
402 Rebeuvelier
28%
139 Rocourt
28%
213 Soulce
28%
62 Vellerat
28%
437 Courcelon
22%
159 Epauvillers
22%
74 Fornet-Dessus
22%
147 Fregiécourt
22%
77 Le Cerneux-Veusil
22%
75 Le Prédame
22%
430 Miécourt
22%
163 Montavon
22%
92 Montenol
22%
91 Pleujouse
22%
41 Roche-d'Or
22%
8 Montfavergier
17%
Keine übereinstimmenden Quizze gefunden
Verteilung der Resultate
Anzahl Personen mit jedem Resultat
Perzentil nach korrekt beantworteten Fragen
Ihre Resultats-Entwicklung
Sie haben dieses Quiz noch nicht gespielt